Responses for Show #7052 - Tuesday, April 21, 2015

Contestants

[<< previous game]

Rachel Pepe, an operations manager from St. Louis, Missouri

Michael Brady, a user experience designer from Norwood, Massachusetts

Todd Lovell, an engineering manager from Carmel, Indiana (whose 1-day cash winnings total $26,401)

[next game >>]

Jeopardy! Round responses

THE BIGGEST LOSER
COUNTRIES' HIGHEST POINTS
SHELL GAME
HODGEPODGE
A SENSE OF STYLE
THERE'S AN ANIMAL IN MY DICTIONARY
    $200 1
the Super Bowl

Todd
    $200 6
(Rachel: Oh, shoot. What is South Africa?)

Tanzania

ToddRachel
    $200 21
pom-poms

Rachel
    $200 22
the wave

Todd
    $200 17
aloha shirt

Todd
    $200 11
mammoth

Michael
    $400 2
(Michael: What is the Grand Prix?)

the Indy 500

ToddMichael
    $400 7
(Michael: What is Nepal?)
(Todd: What is Tibet?)

Pakistan

ToddMichael
Triple Stumper
    $400 27
[The end-of-round signal sounds.]

venom

Michael
    $400 23
(Todd: What are the brains?)
...
(Alex: And we have less than a minute to go now, Todd.)

the eyes

Todd
Triple Stumper
    $400 16
(Michael: What is a romper?)

a jumpsuit

MichaelRachel
    $400 14
to dog-ear

Rachel
    $600 3
the Yankees

Todd
    $600 8
(Todd: What is Chile?)

Argentina

Todd
Triple Stumper
    $600 24
Commodore

Todd
    $600 18
Death Becomes Her

Triple Stumper
    $600 15
(Rachel: What is a mouse?)

guinea pig

MichaelRachel
    $800 4
(Todd: What is 6-love, 6-love, 6-love?)
...
(Alex: The women's finals only best out of three.)

6-love, 6-love

ToddRachel
    $800 9
Portugal

Todd
    $800 25
Achilles tendon

Todd
    $800 19
Mad Hatter

Todd
    $1,400 13
(Todd: Um... what is, uh...)
(Alex: Pick a bird.)
(Todd: Nah.)

cardinal

Todd
    $1000 5
Heisman

Michael
    $1000 10
Libya

Triple Stumper
    $1000 26
(Alex: He was flown to [*], not Granada.)

Grenada

Triple Stumper
    $1000 20
Weejuns

Triple Stumper
    $1000 12
a magpie

Todd

Scores at the first commercial break (after clue 13):

Todd Michael Rachel
$0 $400 $600

Scores at the end of the Jeopardy! Round:

Todd Michael Rachel
$2,200 $1,000 $1,000

Double Jeopardy! Round responses

PLAYS & PLAYWRIGHTS
MAPS & GLOBES
FEMALE FIRSTS
4-LETTER FILMS
EXPECT THE SPANISH
"IN"QUISITION
    $400 1
[Michael selected the first clue.]

Our Town

Todd
    $400 8
the Tube (or the subway)

Michael
    $400 14
the Kentucky Derby

Todd
    $400 2
Thor

Rachel
    $400 13
a doubloon

Rachel
    $400 24
incinerate

Todd
    $800 4
Arthur Miller

Michael
    $800 9
tilt

Michael
    $800 19
(Alex: She was married to Joseph [*]'s son.)

Pulitzer

Michael
    $800 3
(Michael: [Boston accent] What is [*]?)
(Alex: I love your pronunciation--"Cahs".)
(Michael: Been waiting for that one.)

Cars

Michael
    $800 15
(Hernándo) Cortés

Michael
    $800 21
inadmissible

Rachel
    $1200 5
David Mamet

Michael
    $1200 10
celestial

Triple Stumper
    $1200 22
the Bronze Star

Michael
    $1200 16
Hook

Michael
    $1200 25
Cuba

Michael
    $1200 20
Inception

Michael
    $1600 6
(Michael: Who is Shaw?)
(Todd: Who is O'Neill?)

Seán O'Casey

ToddMichael
Triple Stumper
    $1,200 11
(Michael: What is Quartet?)

Rand McNally

Michael
    $1600 27
(Alex: Less than a minute now.)

math

Rachel
    $1600 17
Hugo

Rachel
    $2,001 26
(Generalissimo Francisco) Franco

Michael
    $1600 23
an interchange

Michael
    $2000 7
Cat on a Hot Tin Roof

Triple Stumper
    $2000 12
the ocean

Todd
    $2000 28
(Todd: What is Serjeant at Arms?)

Speaker of the House of Commons

Todd
Triple Stumper
    $2000 18
Tess

Rachel
    $2000 30
the War of Spanish Succession

Todd
    $2000 29
innate

Todd

Scores at the end of the Double Jeopardy! Round:

Todd Michael Rachel
$5,800 $12,201 $7,800

[wagering suggestions for these scores]

Final Jeopardy! Round responses

BODIES OF WATER
(Alex: You had to go north, young man, go north, for this one.)
ToddWhat is the Baltic Sea?
$3,000
RachelWhat is the North Sea?
$7,800
MichaelWhat is the Baltic Sea
$3,400
the Baltic Sea

Final scores:

Todd Michael Rachel
$8,800 $15,601 $0
2nd place: $2,000 New champion: $15,601 3rd place: $1,000

Game dynamics:

Coryat scores:

Todd Michael Rachel
$7,200 $13,000 $7,800
17 R,
7 W
(including 1 DD)
17 R
(including 1 DD),
5 W
(including 1 DD)
10 R,
2 W

Combined Coryat: $28,000

[game clues] [game scores] [suggest correction]

Game tape date: Unknown
The J! Archive is created by fans, for fans. Scraping, republication, monetization, and malicious use prohibited; this site may use cookies and collect identifying information. See terms. The Jeopardy! game show and all elements thereof, including but not limited to copyright and trademark thereto, are the property of Jeopardy Productions, Inc. and are protected under law. This website is not affiliated with, sponsored by, or operated by Jeopardy Productions, Inc. Join the discussion at JBoard.tv.